000 00381nam a2200133Ia 4500
008 220217s9999||||xx |||||||||||||| ||und||
020 _a81-8404-002-X
082 _a004.67 PIL
100 _aPilone, Dan and Pitman, Dan
_95569
245 0 _aUML 2.0 in a nutshell
260 _aShroff publishers and dist.Pvt.
_bMumbai
_c2008
300 _b200
650 _aPROGRAMMING LANGUAGE
999 _c176585
_d176585